<?xml version="1.0" encoding="UTF-8"?>
<record
    xmlns:xsi="http://www.w3.org/2001/XMLSchema-instance"
    xsi:schemaLocation="http://www.loc.gov/MARC21/slim http://www.loc.gov/standards/marcxml/schema/MARC21slim.xsd"
    xmlns="http://www.loc.gov/MARC21/slim">

  <leader>01562nam0a2200301   4500</leader>
  <controlfield tag="001">RU\NLR\bibl\552972</controlfield>
  <controlfield tag="005">20250609160946.0</controlfield>
  <datafield tag="010" ind1=" " ind2=" ">
    <subfield code="a">5-89091-229-1</subfield>
    <subfield code="9">3000</subfield>
  </datafield>
  <datafield tag="021" ind1=" " ind2=" ">
    <subfield code="a">RU</subfield>
    <subfield code="b">2004-44847</subfield>
    <subfield code="9">2227</subfield>
  </datafield>
  <datafield tag="035" ind1=" " ind2=" ">
    <subfield code="a">(NLR Aleph) 000545135</subfield>
  </datafield>
  <datafield tag="090" ind1=" " ind2=" ">
    <subfield code="a">1437494</subfield>
    <subfield code="c">1437494</subfield>
  </datafield>
  <datafield tag="100" ind1=" " ind2=" ">
    <subfield code="a">20040915d2004    |||y0rusy50      ca</subfield>
  </datafield>
  <datafield tag="101" ind1="1" ind2=" ">
    <subfield code="a">rus</subfield>
    <subfield code="c">fre</subfield>
  </datafield>
  <datafield tag="102" ind1=" " ind2=" ">
    <subfield code="a">RU</subfield>
  </datafield>
  <datafield tag="105" ind1=" " ind2=" ">
    <subfield code="a">a   |||||||||</subfield>
  </datafield>
  <datafield tag="200" ind1="1" ind2=" ">
    <subfield code="a">&#x41F;&#x43E;&#x440;&#x442;&#x440;&#x435;&#x442; &#x410;.</subfield>
    <subfield code="e">[&#x418;&#x437;&#x431;&#x440;. &#x43F;&#x440;&#x43E;&#x438;&#x437;&#x432;&#x435;&#x434;&#x435;&#x43D;&#x438;&#x44F;</subfield>
    <subfield code="e">&#x41F;&#x435;&#x440;. &#x441; &#x444;&#x440;.]</subfield>
    <subfield code="f">&#x410;&#x43D;&#x440;&#x438; &#x41C;&#x438;&#x448;&#x43E;</subfield>
    <subfield code="g">[&#x41F;&#x43E;&#x441;&#x43B;&#x435;&#x441;&#x43B;. &#x438; &#x43F;&#x440;&#x438;&#x43C;&#x435;&#x447;. &#x410;&#x43B;&#x438;&#x43D;&#x44B; &#x41F;&#x43E;&#x43F;&#x43E;&#x432;&#x43E;&#x439;</subfield>
    <subfield code="g">&#x425;&#x443;&#x434;&#x43E;&#x436;. &#x41C;&#x438;&#x445;&#x430;&#x438;&#x43B; &#x417;&#x430;&#x43D;&#x44C;&#x43A;&#x43E;]</subfield>
  </datafield>
  <datafield tag="210" ind1=" " ind2=" ">
    <subfield code="a">&#x421;&#x41F;&#x431;.</subfield>
    <subfield code="c">&#x421;&#x438;&#x43C;&#x43F;&#x43E;&#x437;&#x438;&#x443;&#x43C;</subfield>
    <subfield code="d">2004</subfield>
  </datafield>
  <datafield tag="215" ind1=" " ind2=" ">
    <subfield code="a">443, [5] &#x441;.</subfield>
    <subfield code="c">&#x438;&#x43B;.</subfield>
    <subfield code="d">21</subfield>
  </datafield>
  <datafield tag="225" ind1="1" ind2=" ">
    <subfield code="a">Ex Libris</subfield>
  </datafield>
  <datafield tag="327" ind1="0" ind2=" ">
    <subfield code="a">&#x421;&#x43E;&#x434;&#x435;&#x440;&#x436;.: &#x420;&#x430;&#x437;&#x434;&#x435;&#x43B;&#x44B;: &#x418;&#x437; &#x43A;&#x43D;&#x438;&#x433;&#x438; "&#x411;&#x430;&#x441;&#x43D;&#x438; &#x43E; &#x43F;&#x440;&#x43E;&#x438;&#x441;&#x445;&#x43E;&#x436;&#x434;&#x435;&#x43D;&#x438;&#x438;"; &#x418;&#x437; &#x43A;&#x43D;&#x438;&#x433;&#x438; "&#x41A;&#x442;&#x43E; &#x44F; &#x431;&#x44B;&#x43B;"; &#x418;&#x437; &#x43A;&#x43D;&#x438;&#x433;&#x438; "&#x42D;&#x43A;&#x432;&#x430;&#x434;&#x43E;&#x440;"; &#x418;&#x437; &#x441;&#x431;&#x43E;&#x440;&#x43D;&#x438;&#x43A;&#x430; "&#x41C;&#x43E;&#x438; &#x432;&#x43B;&#x430;&#x434;&#x435;&#x43D;&#x438;&#x44F;"; &#x418;&#x437; &#x43A;&#x43D;&#x438;&#x433;&#x438; "&#x414;&#x438;&#x43A;&#x430;&#x440;&#x44C; &#x432; &#x410;&#x437;&#x438;&#x438;"; &#x418;&#x437; &#x441;&#x431;&#x43E;&#x440;&#x43D;&#x438;&#x43A;&#x430; "&#x412;&#x43D;&#x443;&#x442;&#x440;&#x435;&#x43D;&#x43D;&#x438;&#x435; &#x434;&#x430;&#x43B;&#x438;; &#x41F;&#x435;&#x440;&#x43E;"; &#x421;&#x43A;&#x43E;&#x440;&#x43E; &#x442;&#x44B; &#x441;&#x442;&#x430;&#x43D;&#x435;&#x448;&#x44C; &#x43E;&#x442;&#x446;&#x43E;&#x43C;; &#x418;&#x437; &#x441;&#x431;&#x43E;&#x440;&#x43D;&#x438;&#x43A;&#x430; "&#x418;&#x441;&#x43F;&#x44B;&#x442;&#x430;&#x43D;&#x438;&#x44F;, &#x437;&#x430;&#x43A;&#x43B;&#x438;&#x43D;&#x430;&#x43D;&#x438;&#x44F;: 1940-1944"; &#x418;&#x437; &#x441;&#x431;&#x43E;&#x440;&#x43D;&#x438;&#x43A;&#x430; "&#x416;&#x438;&#x437;&#x43D;&#x44C; &#x432; &#x441;&#x43A;&#x43B;&#x430;&#x434;&#x43A;&#x430;&#x445;"; &#x418;&#x437; &#x441;&#x431;&#x43E;&#x440;&#x43D;&#x438;&#x43A;&#x430; "&#x41F;&#x430;&#x441;&#x441;&#x430;&#x436;&#x438;: 1937-1963" &#x438; &#x434;&#x440;.</subfield>
  </datafield>
  <datafield tag="686" ind1=" " ind2=" ">
    <subfield code="a">&#x428;6(4&#x424;&#x440;)67&#x44F;44{&#x41B;&#x445;1648-40}</subfield>
  </datafield>
  <datafield tag="700" ind1=" " ind2="1">
    <subfield code="4">070</subfield>
    <subfield code="7">ca</subfield>
    <subfield code="8">rus</subfield>
    <subfield code="a">&#x41C;&#x438;&#x448;&#x43E;</subfield>
    <subfield code="b">&#x410;.</subfield>
    <subfield code="f">1899-1984</subfield>
    <subfield code="g">&#x410;&#x43D;&#x440;&#x438;</subfield>
    <subfield code="9">246619</subfield>
    <subfield code="3">RU\NLR\AUTH\770246675</subfield>
  </datafield>
  <datafield tag="801" ind1=" " ind2="0">
    <subfield code="a">RU</subfield>
    <subfield code="b">NLR</subfield>
    <subfield code="c">20040915</subfield>
    <subfield code="g">PSBO</subfield>
  </datafield>
  <datafield tag="801" ind1=" " ind2="1">
    <subfield code="a">RU</subfield>
    <subfield code="b">NLR</subfield>
    <subfield code="c">20040915</subfield>
  </datafield>
  <datafield tag="942" ind1=" " ind2=" ">
    <subfield code="c">BOOK</subfield>
  </datafield>
  <datafield tag="980" ind1=" " ind2=" ">
    <subfield code="a">NB</subfield>
  </datafield>
  <datafield tag="995" ind1=" " ind2=" ">
    <subfield code="5">2004-09-15</subfield>
    <subfield code="a">aa</subfield>
    <subfield code="b">NLR01</subfield>
    <subfield code="c">NLR01</subfield>
    <subfield code="e">RF3</subfield>
    <subfield code="f">751770</subfield>
    <subfield code="k">2004-3/14578</subfield>
    <subfield code="o">0</subfield>
    <subfield code="p">178.00</subfield>
    <subfield code="r">BOOK</subfield>
    <subfield code="s">2004314578_</subfield>
  </datafield>
  <datafield tag="995" ind1=" " ind2=" ">
    <subfield code="5">2004-09-15</subfield>
    <subfield code="a">ad</subfield>
    <subfield code="b">NLR02</subfield>
    <subfield code="c">NLR02</subfield>
    <subfield code="e">AB</subfield>
    <subfield code="f">751771</subfield>
    <subfield code="k">&#x410;&#x431; &#x428;6(4&#x424;&#x440;)/&#x41C;-71</subfield>
    <subfield code="o">0</subfield>
    <subfield code="r">BOOK</subfield>
    <subfield code="s">_6471</subfield>
  </datafield>
  <datafield tag="995" ind1=" " ind2=" ">
    <subfield code="5">2004-09-21</subfield>
    <subfield code="a">aa</subfield>
    <subfield code="b">NLR01</subfield>
    <subfield code="c">NLR01</subfield>
    <subfield code="e">OZ2</subfield>
    <subfield code="f">1-367602</subfield>
    <subfield code="k">&#x41B;1 &#x428;6(4&#x424;&#x440;)/&#x41C;-715</subfield>
    <subfield code="o">0</subfield>
    <subfield code="p">178.00</subfield>
    <subfield code="r">BOOK</subfield>
    <subfield code="s">1_64715</subfield>
  </datafield>
  <datafield tag="995" ind1=" " ind2=" ">
    <subfield code="5">2004-09-21</subfield>
    <subfield code="a">aa</subfield>
    <subfield code="b">NLR02</subfield>
    <subfield code="c">NLR02</subfield>
    <subfield code="e">NZ2</subfield>
    <subfield code="f">1-218739</subfield>
    <subfield code="k">&#x41B;2  &#x428;6(4&#x424;&#x440;)/&#x41C;-715</subfield>
    <subfield code="o">0</subfield>
    <subfield code="p">178.00</subfield>
    <subfield code="r">BOOK</subfield>
    <subfield code="s">2_64715</subfield>
  </datafield>
  <datafield tag="995" ind1=" " ind2=" ">
    <subfield code="5">2005-06-01</subfield>
    <subfield code="a">ad</subfield>
    <subfield code="b">NLR01</subfield>
    <subfield code="c">NLR01</subfield>
    <subfield code="e">RF3</subfield>
    <subfield code="f">1-3834110</subfield>
    <subfield code="k">2004-3/14578</subfield>
    <subfield code="o">0</subfield>
    <subfield code="r">BOOK</subfield>
    <subfield code="s">2004314578_</subfield>
  </datafield>
</record>
